00372nam a2200109 4500020000800000040001600008082001500024100002400039245012400063260004800187300002700235 qPB. cFIZZA ISHAQ a658.4bWIN aWinston, Stephanie. aThe organized executive : a program for productivity : new ways to manage time, paper, and people /cStephanie Winston. aNew York : bA Time Warner Company ,c1983. a345 p. : ill. ;c21 cm